000 00441nam a2200181Ia 4500
001 10697
005 20260306161851.0
008 260306t2004||||xx |||||||||||||| ||spa||
041 _aESP
082 _a946.081
_bM561
100 _aMoa, Pío
_eAUT
245 0 _aLos crímenes de la guerra civil y otras polémicas
260 _c2004
300 _a286 páginas :
_c25 cm.
650 _aGEN
654 _aCHU
942 _cLIB
_dJUS
_fJUS
_2ddc
_n
999 _c10697
_d10697